| 000 | 00762nam a2200253 i 4500 | ||
|---|---|---|---|
| 001 | C2-0320948 | ||
| 003 | PPAK | ||
| 005 | 20221211112842.0 | ||
| 008 | 130116s2011 my g | 0 f may d | ||
| 020 |
_a9789831247341 _cRM00.00 _qpaperback |
||
| 040 |
_aPPAK _beng _cPPAK _dPPAK _erda |
||
| 082 | 0 | 4 |
_a899.2333 _223 |
| 090 | 0 | 0 |
_a899.2333 _bAZI _dG |
| 100 | 0 |
_aAzilah Wahab, _eauthor. |
|
| 245 | 1 | 0 |
_aUntuk Sekali Lagi / _cAzilah Wahab ; Edited by Rubiah Aksah |
| 264 | 1 |
_aShah Alam, Selangor : _bGRUP BUKU KARANGKRAF SDN. BHD., _c2011 |
|
| 300 |
_a507 pages : _c19 cm |
||
| 336 |
_2rdacontent _atext |
||
| 337 |
_2rdamedia _aunmediated |
||
| 338 |
_2rdacarrier _avolume |
||
| 650 | 1 | 0 | _aMalay fiction. |
| 700 | 0 |
_aRubiah Aksah, _eeditor. |
|
| 942 |
_cB _2ddc |
||
| 999 |
_c121518 _d121518 |
||